| 000 | 00389nam a22001337a 4500 | ||
|---|---|---|---|
| 020 | _qHB. | ||
| 040 | _cFIZZA ISHAQ | ||
| 082 |
_a371.302 _bSTA |
||
| 100 |
_aSTANLEY,D.FRANK. _9132625 |
||
| 245 |
_aTHE EVELYN WOOD SEVEN DAY SPEED READING AND LEARNING PROGRAM / _cSTANLEY D. FRANK. |
||
| 260 |
_aNEW YORK; _bBARNES & NOBLE BOOKS, _c1990. |
||
| 300 |
_a212 P. ; _b8.6X5.6IN |
||
| 942 |
_2ddc _cBK |
||
| 999 |
_c615726 _d615726 |
||